Сигнализация R1.5: справочник

Bibliografski detalji
Glavni autor: Гольдштейн Б. С. Борис Соломонович
Daljnji autori: Сибирякова Н.Г. Нина Геннадьевна, Соколов А.В. Алексей Васильевич
Sažetak:Описываются протоколы используемой в России системы сигнализации по двум выделенным сигнальным каналам (2ВСК), называемой также R1.5. Рассматриваются методы передачи сигналов управления соединением, процедуры обработки вызовов, сценарии, спецификации, вопросы взаимодействия системы R1.5 с другими системами сигнализации, а также необходимые средства и процедуры тестирования.
Jezik:ruski
Izdano: СПб., БХВ-Санкт-Петербург, 2004
Serija:Серия справочников<Телекоммуникационные протоколы ВСС РФ>
Teme:
Format: Knjiga
KOHA link:https://koha.lib.tpu.ru/cgi-bin/koha/opac-detail.pl?biblionumber=81929

MARC

LEADER 00000nam0a2200000 4500
001 81929
005 20231101213211.0
010 |z 5-8206-0127-0 (error)  |b 3000 экз. 
021 |a RU  |b 04-48407  |9 04-2387 
035 |a (RuTPU)RU\TPU\book\88058 
090 |a 81929 
100 |a 20050926d2004 km u0rusy5002 ca 
101 0 |a rus 
102 |a RU 
105 |a a g 001zy 
200 1 |a Сигнализация R1.5  |e справочник  |f Б. С. Гольдштейн, Н. Г. Сибирякова, А. В. Соколов 
210 |a СПб.  |c БХВ-Санкт-Петербург  |d 2004 
215 |a 453 с.  |c ил.  |d 20х20 см. 
225 1 |a Серия справочников<Телекоммуникационные протоколы ВСС РФ> 
320 |a Библиогр.: с. 444-453. 
330 |a Описываются протоколы используемой в России системы сигнализации по двум выделенным сигнальным каналам (2ВСК), называемой также R1.5. Рассматриваются методы передачи сигналов управления соединением, процедуры обработки вызовов, сценарии, спецификации, вопросы взаимодействия системы R1.5 с другими системами сигнализации, а также необходимые средства и процедуры тестирования. 
606 1 |a Охранные устройства  |2 stltpush  |3 (RuTPU)RU\TPU\subj\27842  |9 51531 
610 1 |a телекоммуникационные системы 
610 1 |a электрические сигналы 
610 1 |a сигнализация 
610 1 |a линейная сигнализация 
610 1 |a многочастотные сигналы 
610 1 |a сигналы 
610 1 |a значения 
610 1 |a транзитные соединения 
610 1 |a взаимодействие 
610 1 |a справочники 
675 |a 654.9(035)  |v 3  |z rus 
700 1 |a Гольдштейн  |b Б. С.  |g Борис Соломонович  |4 070 
701 1 |a Сибирякова  |b Н.Г.  |g Нина Геннадьевна  |4 070 
701 1 |a Соколов  |b А.В.  |g Алексей Васильевич  |4 070 
801 0 |a RU  |b RKP  |c 20040915  |g PSBO 
801 1 |a RU  |b 63413507  |c 20050926  |g PSBO 
801 2 |a RU  |b 63413507  |c 20140919  |g PSBO 
900 |a Системы связи и оповещения 
900 |a Системы реального времени 
942 |c BK